Dieci Domande – Città Italiane - Statistics

Statistiche generali
  • Questo quiz è stato fatto 129 volte
  • Il punteggio medio è 28 su 44
Statistiche sulle risposte
Hint Risposta % Corretto
Milano
100%
Ha almeno 1 milione di abitanti (febbraio 2026) Milano
100%
Milano
100%
Roma
100%
Roma
100%
Roma
100%
Roma
100%
Roma
100%
Torino
100%
Torino
100%
Torino
100%
È stata capitale dell'Italia unita Firenze
99%
Genova
96%
È stata una repubblica marinara Genova
96%
Venezia
92%
Napoli
89%
La Spezia
75%
Pisa
72%
Ha un articolo nel nome L'Aquila
69%
Vibo Valentia
69%
Vibo Valentia
69%
Vercelli
63%
Trieste
61%
Inizia per V, ma non si trova in Veneto Varese
61%
Viterbo
57%
Ha una squadra di calcio il cui nome non richiama quello della città stessa, o di uno dei suoi quartieri Bergamo
56%
Ha almeno una linea di metropolitana Brescia
53%
Reggio Calabria
51%
Reggio nell'Emilia
51%
Catania
49%
Verbania
49%
Rimini
48%
Massa / Carrara
39%
Pesaro / Urbino
37%
Non è il solo capoluogo della sua provincia Forlì / Cesena
34%
Barletta / Andria / Trani
33%
Il suo nome è formato da almeno due parole diverse da un articolo Ascoli Piceno
27%
Il suo territorio confina con uno stato estero Como
27%
Ferrara
25%
Gorizia
24%
Carbonia / Iglesias
14%
Olbia / Tempio Pausania
13%
Lanusei / Tortolì
3%
Sanluri / VIllacidro
3%
Nessun quiz corrispondente trovato
Distribuzione punteggi
Percentuale di utenti per punteggio
Percentile per numero di risposta
I tuoi punteggi nel tempo
Non hai fatto questo quiz